Online Catalogue and eLibrary

Everything but the ring (Record no. 2849)

MARC details
000 -LEADER
fixed length control field 00345nam a2200145Ia 4500
005 - DATE AND TIME OF LATEST TRANSACTION
control field 20240607023222.0
008 - FIXED-LENGTH DATA ELEMENTS--GENERAL INFORMATION
fixed length control field 240331s9999 xx 000 0 und d
082 ## - DDC Classification
Item Number - Author Mark CRA
Class No. 346
100 ## - MAIN ENTRY--PERSONAL NAME
Personal name Craig, C
245 #0 - TITLE STATEMENT
Title Everything but the ring
260 ## - PUBLICATION, DISTRIBUTION, ETC.
Place of publication, distribution, etc. Kingston
Name of publisher, distributor, etc. Bureau of Women's Affairs
Date of publication, distribution, etc. 1982
300 ## - PHYSICAL DESCRIPTION
Extent (e.g. Volumes, Pages etc.) 35 p.,
650 ## - SUBJECT ADDED ENTRY--TOPICAL TERM
Topical term or geographic name entry element Law
942 ## - Koha item type (Biblio)
Koha item type Books in Stacks (Lending)
Holdings
Lost status Damaged status Collection code Home library Current library Shelving location Date acquired Full call number Accession Number Item type
    Lending WERC Library WERC Library Social Science Cupboard 03/31/2024 346.0134 CRA 273 Books in Stacks (Lending)

© WERC Library